Гуманітарна орієнтація психолога-фахівця (Запис № 308854)

МАРК-запис
000 -Лідер
fixed length control field 00670nam a22002537a 4500
003 - Ідентифікатор контрольного номера
control field UA-OsUOA
001 - Контрольний номер
control field 22632
007 - Фіксоване поле фізичного опису
fixed length control field ta
008 - Елементи даних фіксованої довжини – загальна інформація
fixed length control field 20031223b un ||||| |||| 00| 0 ukr d
090 ## - Локальний шифр розміщення
Класифікаційний індекс УДК 159.98
Авторський знак (НП) П64
040 ## - Джерело каталогізації
Агенція оригінальної каталогізації UA-OsUOA
Мова каталогізації ukr
Агенція, яка здійснювала перезапис UA-OsUOA
Агенція, яка здійснювала модифікацію UA-OsUOA
041 ## - Код мови
Код мови тексту/ звукової доріжки чи окремого заголовка (П) ukr
080 ## - Індекс Універсальної десяткової класифікації
Індекс Універсальної десяткової класифікації (УДК) (НП) 159.98
020 ## - Міжнародний стандартний книжковий номер (ISBN)
Міжнародний стандартний книжковий номер (ISBN) (НП) 966-7695-41-7
044 ## - Код країни видавця/ виробника
Код країни видавця/ виробника (П) UA
100 ## - Основне введення – ім’я особи
Ім’я особи (НП) Потапова В.Д.
245 ## - Відомості про назву
Назва (НП) Гуманітарна орієнтація психолога-фахівця
Решта назви (НП) Монографія
260 ## - Публікація, розповсюдження і т.п. (Вихідні дані)
Місце публікації, розповсюдження і т.п. (П) Донецьк
Ім’я/ наймення видавництва, розповсюджувача і т.п. (П) ТОВ "Юго-Восток, Лтд"
Дата публікації, розповсюдження і т.п. (П) 2001
300 ## - Фізичний опис
Обсяг 256 с.
650 #7 - Додаткове предметне введення – тематичний термін
Джерело заголовка чи терміна UDC
942 ## - Додаткові елементи входу (Коха)
Тип елемента Koha Книги
955 ## - Код типу видання за змістом
Код типу видання за змістом (НП) інше
Фонди
Стан вилучень Стан втрат Джерело класифікації або схеми стелажів Стан уражень Не для кредиту Постійне місце розташування Поточне розміщення Дата придбання Вартість, звичайна ціна покупки Інвентарний номер Усього замовленно Повний номер виклику Штрих-код Дата останнього перегляду Ціна ефективна від Тип елемента Koha
    Universal Decimal Classification     ЧЗ - Читальна зала ЧЗ - Читальна зала 23/12/2003 10.00 61342   159.98 П64 61342 07/02/2022 23/12/2003 Книги